Chelsea - Phoebe Bridgers (Lyrics) - Statistics

General Stats
  • This quiz has been taken 17 times
  • The average score is 188 of 283
Answer Stats
Answer % Correct
a
91%
I
91%
so
91%
you
91%
You
91%
amazed
82%
and
82%
And
82%
are
82%
baby
82%
back
82%
be
82%
blood
82%
chemical
82%
For
82%
for
82%
how
82%
I'm
82%
imbalance
82%
know
82%
needle
82%
on
82%
ride
82%
spit
82%
sure
82%
the
82%
to
82%
train
82%
with
82%
Your
82%
your
82%
you're
82%
alright
73%
boy
73%
Chelsea
73%
comes
73%
dear
73%
held
73%
home
73%
important
73%
is
73%
it's
73%
It's
73%
just
73%
long
73%
Long
73%
maid
73%
me
73%
mother
73%
my
73%
near
73%
No
73%
no
73%
not
73%
Oh
73%
one
73%
prison
73%
some
73%
someone
73%
stay
73%
that
73%
There
73%
there
73%
told
73%
tonight
73%
won'
73%
won't
73%
words
73%
around
64%
Hotel
64%
music
64%
nothing
64%
pretty
64%
revolution
64%
right
64%
somebodys
64%
tray
64%
When
64%
always
55%
beside
55%
can
55%
distraction
55%
here
55%
hundred
55%
lies
55%
lonesome
55%
make
55%
Make
55%
sick
55%
still
55%
they're
55%
was
55%
we
55%
We're
55%
were
55%
will
55%
as
45%
disappear
45%
floor
45%
I'll
45%
into
45%
muscles
45%
Only
45%
our
45%
remind
45%
very
45%
worn
45%
a-knocking
36%
at
36%
before
36%
both
36%
down
36%
fallen
36%
fighting
36%
found
36%
generations
36%
if
36%
I've
36%
love
36%
of
36%
out
36%
us
36%
all
27%
Because
27%
bell
27%
call
27%
ground
27%
have
27%
like
27%
masses
27%
more
27%
own
27%
poor
27%
reach
27%
romance
27%
service
27%
speakers
27%
stand
27%
there's
27%
they'll
27%
two
27%
ever
18%
hell
18%
less
18%
Or
18%
yes
18%
deathbead
9%
than
9%
No matching quizzes found
Score Distribution
Percent of People with Each Score
Percentile by Number Answered
Your Score History
You have not taken this quiz